| Tag |
First Indicator |
Second Indicator |
Subfields |
| LEADER |
00000cam a2200000 a 4500 |
| 001 |
in00000031056 |
| 005 |
20151007054938.0 |
| 008 |
870608s1987 nyua b 00100 eng |
| 010 |
|
|
|a 87017595
|
| 020 |
|
|
|a 0313258910 (lib. bdg. : alk. paper)
|
| 035 |
|
|
|a (OCoLC)16085458
|
| 035 |
|
|
|9 AAB6731AM
|
| 040 |
|
|
|a DLC
|c DLC
|d TXA
|d UtOrBLW
|
| 043 |
|
|
|a e-uk---
|a n-us---
|a e-uk-en
|
| 049 |
|
|
|a TXAM
|c [A11495100]
|
| 050 |
0 |
0 |
|a PR468.C66
|b C37 1987
|
| 082 |
0 |
|
|a 821/.7/09353
|2 19
|
| 245 |
0 |
4 |
|a The Cast of consciousness :
|b concepts of the mind in British and American romanticism /
|c edited by Beverly Taylor and Robert Bain ; afterword by M.H. Abrams.
|
| 264 |
|
1 |
|a New York :
|b Greenwood Press,
|c 1987.
|
| 300 |
|
|
|a xv, 249 pages :
|b illustrations ;
|c 25 cm.
|
| 336 |
|
|
|a text
|b txt
|2 rdacontent
|
| 337 |
|
|
|a unmediated
|b n
|2 rdamedia
|
| 338 |
|
|
|a volume
|b nc
|2 rdacarrier
|
| 490 |
1 |
|
|a Contributions to the study of world literature,
|x 0738-9345 ;
|v no. 24
|
| 504 |
|
|
|a Includes bibliographies and index.
|
| 650 |
|
0 |
|a English literature
|y 19th century
|x History and criticism.
|
| 650 |
|
0 |
|a Consciousness in literature.
|
| 650 |
|
0 |
|a Subconsciousness in literature.
|
| 650 |
|
0 |
|a Psychology in literature.
|
| 650 |
|
0 |
|a American literature
|y 19th century
|x History and criticism.
|
| 650 |
|
0 |
|a Romanticism
|z England.
|
| 650 |
|
0 |
|a Romanticism
|z United States.
|
| 700 |
1 |
|
|a Taylor, Beverly,
|d 1947-
|
| 700 |
1 |
|
|a Bain, Robert
|q (Robert A.)
|
| 830 |
|
0 |
|a Contributions to the study of world literature ;
|v no. 24.
|
| 999 |
|
|
|a MARS
|
| 999 |
f |
f |
|s abc57b3f-dea6-3b38-8424-9ffae3c0e066
|i 618bfd7d-f014-3b3e-bbb6-4273b7e2629f
|t 0
|
| 952 |
f |
f |
|p normal
|a Texas A&M University
|b College Station
|c Sterling C. Evans Library
|d Evans: Library Stacks
|t 0
|e PR468.C66 C37 1987
|h Library of Congress classification
|i unmediated -- volume
|m A14811495100
|
| 998 |
f |
f |
|a PR468.C66 C37 1987
|t 0
|l Evans: Library Stacks
|